LIBRARY ONLINE CATALOGUE

Graphic Java 1.2 : (Record no. 131)

MARC details
000 -LEADER
fixed length control field 00671nam a22002172 4500
001 - CONTROL NUMBER
control field 0000000271
005 - DATE AND TIME OF LATEST TRANSACTION
control field 20151021151043.0
008 - FIXED-LENGTH DATA ELEMENTS--GENERAL INFORMATION
fixed length control field 070119s xx 000 0 eng d
020 ## - INTERNATIONAL STANDARD BOOK NUMBER
International Standard Book Number 8178081091 :
Terms of availability KES 3,300
040 ## - CATALOGING SOURCE
Original cataloging agency KABU
Transcribing agency KABU
050 #0 - LIBRARY OF CONGRESS CALL NUMBER
Classification number QA76.73
Item number .J38G43 1999
100 1# - MAIN ENTRY--PERSONAL NAME
Personal name Geary, David M.
-- 0000148367
245 10 - TITLE STATEMENT
Title Graphic Java 1.2 :
Remainder of title mastering the JFC Volume/AWT /
Statement of responsibility, etc. David M Geary.
250 ## - EDITION STATEMENT
Edition statement 3rd ed.
260 ## - PUBLICATION, DISTRIBUTION, ETC. (IMPRINT)
Place of publication, distribution, etc. Delhi :
Name of publisher, distributor, etc. Addision Wesley,
Date of publication, distribution, etc. 1999.
300 ## - PHYSICAL DESCRIPTION
Extent xxix, 878 p.
650 #0 - SUBJECT ADDED ENTRY--TOPICAL TERM
Topical term or geographic name as entry element Java (Computer program language)
-- 0000148169
908 ## - PUT COMMAND PARAMETER (RLIN)
Put command parameter 070119
950 ## - LOCAL HOLDINGS (RLIN)
-- 1
Holdings
Withdrawn status Lost status Source of classification or shelving scheme Not for loan Home library Current library Date acquired Total Checkouts Full call number Barcode Date last seen Date last checked out Price effective from Koha item type
    Library of Congress Classification   Kabarak, Nakuru City Campus Kabarak, Nakuru City Campus 21/10/2015 1 QA76.73 .J38G43 1999 005581 06/06/2023 25/05/2023 21/10/2015 General Collection